000 01468cam5a220026501 4500
001 lce00588518
005 20190822130602.0
008 711028s1966 inua 000 0 eng
010 _a 66027887 //r91
035 _a(Sirsi) r10124
035 _a(DLC) 66027887 //r91
035 _a(UPRA)lce00588518
040 _aDLC
_cDLC
_dDLC
050 0 0 _aPS634
_b.O7
082 0 0 _a812/.5/408
100 1 _aOrzel, Nick.
_6A63630.1
245 1 0 _aEight plays from off-off Broadway,
_cedited by Nick Orzel and Michael Smith. With an introd. by Michael Smith.
260 _aIndianapolis,
_bBobbs-Merrill
_c[1966]
505 0 _aThe general returns from one place to another, by F. O'Hara.--Notes on the Caffe Cino, by J. Cino.--The madness of Lady Bright, by L. Wilson.--Notes on Theatre Genesis, by R. Cook.--Chicago, by S. Shepard.--Notes on Judson Poets' Theatre, by A. Carmines.--The great American desert, by J. Oppenheimer.--Notes on La Mama Experimental Theatre Club, by E. Stewart.--Balls, by P. Foster.--America hurrah, by J. C. van Itallie.--Notes on the Open Theatre, by J. Chaikin.--The successful life of 3, by M. I. Fornes.--Calm down, mother, by M. Terry.
650 0 _aAmerican drama -- 20th century.
_yAmerican drama -- 20th century.
_6S35146.1
650 0 _aOff Off-Broadway theater.
_6S49435.1
700 1 _aSmith, Michael Townsend, 1938-
_dSmith, Michael Townsend, 1938-
_6A63631.1
949 _aPS634
_wlcc
_i-1846
_mMAIN
_tBOOK
_lON-SHELF
004 10124
999 _c137975
_d137975